Statistics for Events in History #1

Click here to take the quiz!

General Stats

  • This quiz has been taken 87,856 times
    (26,712 since last reset)
  • The average score is 15 of 21

Answer Stats

Date Year Event % Correct
Jul 201969Man lands on the {moon}
96%
Dec 71941Japanese attack {Pearl} {Harbor}
95%
Sep 11939Germany invades {Poland}
95%
Nov 221963Assassination of
{John} {F}. {Kennedy}
94%
Apr 151912Sinking of the {Titanic}
92%
May 22011{Osama} {Bin} {Laden} killed
by Navy SEALs
88%
Jun 281919Treaty of {Versailles}
86%
Nov 91989Fall of the {Berlin} {Wall}
85%
Dec 262004230,000 people killed by
a {tsunami}
77%
Mar 1544 B.C.{Julius} {Caesar} assassinated
77%
?79Pompeii destroyed by the eruption
of {Mt}. {Vesuvius}
76%
Dec 101903{Marie} {Curie} becomes the first
woman to win a Nobel Prize
76%
May 291453Turks capture the city of
{Constantinople}
69%
Jun 41989{Tiananmen} Square massacre
68%
?1439Johannes Gutenberg invents the
{printing} {press}
67%
Jun 181815Battle of {Waterloo}
60%
Oct 141066Battle of {Hastings}
60%
Sep 11715{Louis} {XIV} dies after ruling
France for 72 years
49%
May 201498{Vasco} {da} {Gama} reaches India
by sailing around Africa
44%
Jan 11804{Haiti} declares independence
from France
36%
May 231618The Thirty Years War is started by
the Second Defenestration of {Prague}
24%

Score Distribution

Percentile by Number Answered

Percent of People with Each Score

Your Score History

You have not taken this quiz since the last reset